Statistics for U.S. State Capitals Closest to the Atlantic Ocean

Click here to take the quiz!

General Stats

  • This quiz has been taken 69 times
  • The average score is 8 of 10

Answer Stats

MiU.S. State CapitalKm% Correct
0Boston0
96%
25Tallahassee40
93%
6Dover9
83%
0Providence0
81%
0Annapolis0
80%
28Augusta45
78%
34Hartford55
78%
42Concord67
72%
32Trenton51
70%
57Baton Rouge91
61%

Score Distribution

Percentile by Number Answered

Percent of People with Each Score

Your Score History

You have not taken this quiz